| 000 | 00638nam a2200229 a 4500 | ||
|---|---|---|---|
| 001 | BRL_1013 | ||
| 005 | 20190320211008.0 | ||
| 008 | 311013s1974----mx-#######---#000-0#spa-# | ||
| 041 | _aspa | ||
| 044 | _amx | ||
| 050 | 4 |
_aF1408.3 _b.A73 1974 |
|
| 100 | 1 |
_aArciniegas, Germán _925573 |
|
| 245 | 1 | 0 |
_aEste pueblo de América _cGermán Arciniegas. |
| 260 |
_aMéxico _bSecretaría de Eduación Pública _c1974 |
||
| 300 |
_a195 p. _c17 cm. |
||
| 440 | 0 |
_aSepsetentas _v142 _922717 |
|
| 500 | _aAu1111 | ||
| 651 | 4 |
_aAmérica Latina _xHistoria _96698 |
|
| 651 | 4 |
_aAmérica Latina _xCivilización _925574 |
|
| 902 | _aGRL | ||
| 942 |
_2lcc _cB |
||
| 999 |
_c9825 _d9825 |
||